Прейскурант типовых ремонтных работ для судов типа ПТ/X "Ленинский комсомол". [Ч. 1]. [Раздел 0: Общие работы | Раздел 1. Металлический корпус | Раздел 2. Дерево в составе корпуса, изоляция, отделка, оборудование и меблировка помещений | Раздел 3. Судовые устройства (без механизмов) | Раздел 4. Главные паровые котлы | Раздел 5. Главный турбозубчатый агрегат | Раздел 6. Вспомогательные двигатели, вспомогательные механизмы и установки] (Запись № 8155222)

Подробности
000 -МАРКЕР
контрольное поле 02468nam2a22003131 4500
001 - ИДЕНТИФИКАТОР ЗАПИСИ
контрольное поле rc\4840733
005 - ИДЕНТИФИКАТОР ВЕРСИИ
контрольное поле 20250612193600.0
021 ## - НОМЕР ГОСУДАРСТВЕННОЙ РЕГИСТРАЦИИ
Код страны Российская Федерация
Номер Рг5524-68
035 ## - ДРУГИЕ СИСТЕМНЫЕ НОМЕРА
Идентификатор записи (NLR Aleph) 008809898
100 ## - ДАННЫЕ ОБЩЕЙ ОБРАБОТКИ
Данные общей обработки 20130426d1965 |||y0rusy50 ca
101 0# - ЯЗЫК РЕСУРСА
Язык текста, звукозаписи и т.д. русский
102 ## - СТРАНА ПУБЛИКАЦИИ ИЛИ ПРОИЗВОДСТВА
Страна публикации Российская Федерация
105 ## - ПОЛЕ КОДИРОВАННЫХ ДАННЫХ: ТЕКСТОВЫЕ МАТЕРИАЛЫ, МОНОГРАФИЧЕСКИЕ
Кодированные данные о монографическом текстовом документе y z |||||
200 1# - ЗАГЛАВИЕ И СВЕДЕНИЯ ОБ ОТВЕТСТВЕННОСТИ
Основное заглавие Общие работы
-- Раздел 1. Металлический корпус
-- Раздел 2. Дерево в составе корпуса, изоляция, отделка, оборудование и меблировка помещений
-- Раздел 3. Судовые устройства (без механизмов)
-- Раздел 4. Главные паровые котлы
-- Раздел 5. Главный турбозубчатый агрегат
-- Раздел 6. Вспомогательные двигатели, вспомогательные механизмы и установки]
Сведения, относящиеся к заглавию Утв. 6/II 1965
210 ## - ПУБЛИКАЦИЯ, РАСПРОСТРАНЕНИЕ И ДР.
Дата издания, распространения и т.д. 1965
Место издания, распространения и т.д. Б. м.
215 ## - ФИЗИЧЕСКАЯ ХАРАКТЕРИСТИКА
Специфическое обозначение материала и объем 191 с.
461 #0 - УРОВЕНЬ НАБОРА
Встроенное поле 001rc\4840732
-- 2001#$aПрейскурант типовых ремонтных работ для судов типа ПТ/X "Ленинский комсомол"$fСССР. М-во мор. флота. Черномор. мор. пароходство. Одес. судоремонтный завод № 1$v[Ч. 1]. [Раздел 0
Системный номер (АБИС) связанной записи 8155218
Автор Черноморское морское пароходство
Место публикации Одесса
Дата публикации 1965
Первые сведения об ответственности СССР. М-во мор. флота. Черномор. мор. пароходство. Одес. судоремонтный завод № 1
Имя издателя, распространителя и т.д. Б. и.
Заглавие Прейскурант типовых ремонтных работ для судов типа ПТ/X "Ленинский комсомол"
Номер тома [Ч. 1]. [Раздел 0
517 0# - ДРУГИЕ ВАРИАНТЫ ЗАГЛАВИЯ
Вариант заглавия Главные паровые котлы
517 0# - ДРУГИЕ ВАРИАНТЫ ЗАГЛАВИЯ
Вариант заглавия Главный турбозубчатый агрегат
517 0# - ДРУГИЕ ВАРИАНТЫ ЗАГЛАВИЯ
Вариант заглавия Вспомогательные двигатели, вспомогательные механизмы и установки
517 0# - ДРУГИЕ ВАРИАНТЫ ЗАГЛАВИЯ
Вариант заглавия Металлический корпус
517 0# - ДРУГИЕ ВАРИАНТЫ ЗАГЛАВИЯ
Вариант заглавия Судовые устройства (без механизмов)
517 0# - ДРУГИЕ ВАРИАНТЫ ЗАГЛАВИЯ
Вариант заглавия Дерево в составе корпуса, изоляция, отделка, оборудование и меблировка помещений
801 #0 - ИСТОЧНИК ЗАПИСИ
Страна Российская Федерация
Организация NLR
Правила каталогизации psbo
801 #1 - ИСТОЧНИК ЗАПИСИ
Страна Российская Федерация
Организация ELAR
Источник данных rusmarc
852 ## - МЕСТОНАХОЖДЕНИЕ И ШИФР ХРАНЕНИЯ
Идентификатор организации NLR
Шифр хранения (Call Number) Пт 90.1/216
942 ## - ДОПОЛНИТЕЛЬНЫЕ ЭЛЕМЕНТЫ ЗАПИСИ (АБИС)
Тип экземпляра АБИС Книга
980 ## - КОЛЛЕКЦИЯ
Название коллекции Национальная библиография
Экземпляры
Тип экземпляра Дата поступления Библиотека постоянного хранения Библиотека текущего хранения Место хранения Шифр хранения Штрих-код Статус экземпляра
Книга 26.10.2013 РНБ (Московский) РНБ (Московский) Фонд нормативно-технических и технических документов Пт 90.1/216 8809898-10